[Event "TUR-chT 2nd League"]
[Site "Konya"]
[Date "2022.08.25"]
[Round "5.13"]
[White "Cetinkaya, Vedat Ali"]
[Black "Koksal, Recep"]
[Result "1/2-1/2"]
[WhiteElo "1984"]
[BlackElo "1660"]
[PlyCount "103"]
[EventDate "2022.08.22"]
[EventType "team-swiss"]
[EventRounds "9"]
[EventCountry "TUR"]
[SourceTitle "CBM 210 Extra"]
[Source "ChessBase"]
[SourceDate "2022.11.30"]
[SourceVersion "1"]
[SourceVersionDate "2022.11.30"]
[SourceQuality "1"]
[WhiteTeam "Konya Erkin"]
[BlackTeam "Samsun Gercek"]
[WhiteTeamCountry "TUR"]
[BlackTeamCountry "TUR"]

1. d4 Nf6 2. c4 e6 3. Nc3 Bb4 4. e3 c5 5. Bd3 cxd4 6. exd4 d5 7. Nf3 dxc4 8. Bxc4 0-0 9. 0-0 h6 10. Qe2 Nc6 11. Rd1 Ne7 12. Bd3 Bxc3 13. bxc3 b6 14. Ne5 Bb7 15. c4 Nc6 16. Bb2 Qc7 17. Re1 Nxe5 18. dxe5 Qc6 19. f4 Nd7 20. f5 Nc5 21. Bc2 Rfd8 22. f6 Qxg2+ 23. Qxg2 Bxg2 24. Bc1 Bh3 25. Be3 Nd3 26. Bxd3 Rxd3 27. Kf2 Bf5 28. a4 Rc8 29. Rec1 Rb3 30. a5 Rb2+ 31. Kg3 Rb4 32. axb6 axb6 33. fxg7 Kxg7 34. Ra6 Rcxc4 35. Rxc4 Rxc4 36. Rxb6 Rg4+ 37. Kf3 Rh4 38. Bf4 Rg4 39. Rb2 h5 40. Rb4 Rg1 41. Kf2 Rb1 42. Rxb1 Bxb1 43. Kg3 f6 44. exf6+ Kxf6 45. Kf3 Kf5 46. Ke3 e5 47. Bg3 Be4 48. Be1 Bd5 49. Bg3 Bg2 50. Be1 e4 51. Bg3 Kg4 52. Bd6 1/2-1/2

[Event "Wch Seniors 50 29th"]
[Site "Bucharest"]
[Date "2019.11.22"]
[Round "10"]
[White "Cetinkaya, Vedat Ali"]
[Black "Lagunov, Evgenij"]
[Result "0-1"]
[WhiteElo "2046"]
[BlackElo "2240"]
[PlyCount "70"]
[EventDate "2019.11.12"]
[EventType "swiss"]
[EventRounds "11"]
[EventCountry "ROU"]
[SourceTitle "CBM 193 Extra"]
[Source "ChessBase"]
[SourceDate "2020.01.31"]
[SourceVersion "1"]
[SourceVersionDate "2020.01.31"]
[SourceQuality "1"]

1. d4 d5 2. c4 e6 3. Nf3 Nf6 4. e3 b6 5. Bd3 Bd6 6. Nc3 a6 7. e4 dxe4 8. Nxe4 Bb4+ 9. Nc3 0-0 10. 0-0 Bb7 11. Qe2 Nbd7 12. Rd1 h6 13. Bc2 Re8 14. Ne5 Qe7 15. Rd3 c5 16. Rg3 Kf8 17. Qe3 g5 18. a3 cxd4 19. Qxd4 Nxe5 20. axb4 Nc6 21. Qh4 Ng8 22. Qh5 Nd4 23. Bh7 Nf5 24. Bxg8 Nxg3 25. Qxh6+ Kxg8 26. hxg3 f6 27. Na4 b5 28. Nb6 Rad8 29. cxb5 Rd1+ 30. Kh2 axb5 31. Ra7 Rxc1 32. Rxb7 Qxb7 33. Qg6+ Kf8 34. Qh6+ Qg7 35. Nd7+ Kf7 0-1

[Event "Wch Seniors 50 29th"]
[Site "Bucharest"]
[Date "2019.11.14"]
[Round "3"]
[White "Ciobanu, Bogdan1111"]
[Black "Cetinkaya, Vedat Ali"]
[Result "1/2-1/2"]
[WhiteElo "1857"]
[BlackElo "2046"]
[PlyCount "136"]
[EventDate "2019.11.12"]
[EventType "swiss"]
[EventRounds "11"]
[EventCountry "ROU"]
[SourceTitle "CBM 193 Extra"]
[Source "ChessBase"]
[SourceDate "2020.01.31"]
[SourceVersion "1"]
[SourceVersionDate "2020.01.31"]
[SourceQuality "1"]

1. d4 Nf6 2. c4 e6 3. Nf3 d5 4. Nc3 c6 5. Bg5 Be7 6. e3 Nbd7 7. Bd3 0-0 8. Qc2 h6 9. Bh4 dxc4 10. Bxc4 b5 11. Bd3 Bb7 12. 0-0 Rc8 13. Qe2 a6 14. Rfd1 Qb6 15. a4 b4 16. a5 Qa7 17. Na4 c5 18. Nb6 Nxb6 19. axb6 Qxb6 20. Bxa6 cxd4 21. Nxd4 Rc5 22. Nb3 Re5 23. Bg3 Rg5 24. Bxb7 Qxb7 25. Qa6 Qe4 26. Qd3 Qg4 27. f3 Qh5 28. Qe2 Rd5 29. e4 Rdd8 30. Rxd8 Rxd8 31. Ra5 Qg6 32. Ra7 Bf8 33. Bc7 Rd7 34. Bb6 Qg5 35. Rxd7 Nxd7 36. Be3 Qe5 37. Bd4 Qd6 38. Qc2 Be7 39. Be3 Bf6 40. Nc1 g5 41. Ne2 Ne5 42. b3 Qa6 43. Bd4 Nxf3+ 44. gxf3 Bxd4+ 45. Nxd4 Qa1+ 46. Kf2 Qxd4+ 47. Ke2 Kg7 48. Qc4 Qd6 49. h3 Kg6 50. Ke3 Kh5 51. Qd4 Qf4+ 52. Ke2 Qh2+ 53. Ke3 Qxh3 54. Qf6 Qg3 55. Qxf7+ Kh4 56. Qxe6 h5 57. e5 g4 58. Qf6+ Kh3 59. e6 Qe1+ 60. Kd3 Qd1+ 61. Kc4 gxf3 62. e7 Qe2+ 63. Kxb4 f2 64. Qxf2 Qxe7+ 65. Kc3 Qc7+ 66. Kb2 Qe5+ 67. Ka2 Qe4 68. Qf1+ Qg2+ 1/2-1/2

[Event "TUR-chT Clubs"]
[Site "Konya"]
[Date "2019.07.20"]
[Round "7.2"]
[White "Cetinkaya, Vedat Ali"]
[Black "Ererdem, Gani Eren"]
[Result "0-1"]
[WhiteElo "2074"]
[BlackElo "2140"]
[PlyCount "76"]
[EventDate "2019.07.16"]
[EventType "team-swiss"]
[EventRounds "9"]
[EventCountry "TUR"]
[SourceTitle "CBM 191 Extra"]
[Source "ChessBase"]
[SourceDate "2019.09.30"]
[SourceVersion "1"]
[SourceVersionDate "2019.09.30"]
[SourceQuality "1"]
[WhiteTeam "Deniz Genclik"]
[BlackTeam "Bitlis Dernegi"]
[WhiteTeamCountry "TUR"]
[BlackTeamCountry "TUR"]

1. d4 Nf6 2. c4 e6 3. Nc3 Bb4 4. e3 0-0 5. Bd3 d5 6. Nf3 dxc4 7. Bxc4 c5 8. 0-0 Nbd7 9. Qe2 a6 10. a3 Ba5 11. Bd2 b5 12. Ba2 cxd4 13. exd4 Bb7 14. Rfd1 Rc8 15. Ne5 Bxc3 16. bxc3 Nxe5 17. dxe5 Ne4 18. Rac1 Nxd2 19. Rxd2 Qg5 20. g3 Rc5 21. f4 Qe7 22. Rd6 Ba8 23. Kf2 Qb7 24. Ke1 Rfc8 25. Kd2 g6 26. g4 Qc7 27. Qd3 Qb7 28. Qe2 a5 29. f5 b4 30. fxe6 bxc3+ 31. Kd1 Qh1+ 32. Qe1 Bf3+ 33. Kc2 Be4+ 34. Kd1 c2+ 35. Kd2 Qxh2+ 36. Qe2 Qxe5 37. exf7+ Kf8 38. Rd3 Rc3 0-1

[Event "Wch Seniors 50 28th"]
[Site "Bled"]
[Date "2018.11.29"]
[Round "11"]
[White "Mannion, Stephen R"]
[Black "Cetinkaya, Vedat Ali"]
[Result "1-0"]
[WhiteElo "2286"]
[BlackElo "2056"]
[PlyCount "41"]
[EventDate "2018.11.18"]
[EventType "swiss"]
[EventRounds "11"]
[EventCountry "SLO"]
[SourceTitle "CBM 187 Extra"]
[Source "ChessBase"]
[SourceDate "2018.11.04"]
[SourceVersion "1"]
[SourceVersionDate "2018.11.04"]
[SourceQuality "1"]

1. e4 c6 2. d4 d5 3. e5 Bf5 4. Nf3 e6 5. Be2 Ne7 6. 0-0 c5 7. c4 Nec6 8. cxd5 Qxd5 9. Nc3 Qd7 10. Be3 cxd4 11. Nxd4 Nxd4 12. Bxd4 Nc6 13. Bb5 0-0-0 14. Be3 Qc7 15. Qa4 a6 16. Rac1 Kb8 17. Bxc6 Qxc6 18. Qa5 Be7 19. b4 Bd3 20. b5 Bxb5 21. Nxb5 1-0

[Event "Wch Seniors 50 28th"]
[Site "Bled"]
[Date "2018.11.25"]
[Round "7"]
[White "Cetinkaya, Vedat Ali"]
[Black "Bulgarini Torre, Marco"]
[Result "1-0"]
[WhiteElo "2056"]
[BlackElo "1863"]
[PlyCount "73"]
[EventDate "2018.11.18"]
[EventType "swiss"]
[EventRounds "11"]
[EventCountry "SLO"]
[SourceTitle "CBM 187 Extra"]
[Source "ChessBase"]
[SourceDate "2018.11.04"]
[SourceVersion "1"]
[SourceVersionDate "2018.11.04"]
[SourceQuality "1"]

1. d4 Nf6 2. Nf3 c5 3. c3 Qc7 4. g3 b6 5. Bg2 Bb7 6. Bf4 d6 7. Na3 a6 8. 0-0 Nbd7 9. Re1 e6 10. Qd3 Be4 11. Qd2 c4 12. Qe3 b5 13. Bh3 h6 14. g4 g5 15. Bg3 Be7 16. Rad1 Nb6 17. Qc1 Qb7 18. Nd2 Bc6 19. f3 h5 20. e4 hxg4 21. Bxg4 Nxg4 22. fxg4 0-0-0 23. b3 f5 24. d5 Nxd5 25. exd5 Bxd5 26. bxc4 Bh1 27. Re2 f4 28. Be1 f3 29. Rf2 Bg2 30. Nf1 Rh3 31. Ne3 Rh6 32. cxb5 d5 33. Nac2 Bd6 34. Rxg2 fxg2 35. Kxg2 Rf8 36. bxa6 d4+ 37. axb7+ 1-0

[Event "Wch Seniors 50 28th"]
[Site "Bled"]
[Date "2018.11.20"]
[Round "3"]
[White "Van der Werf, Mark"]
[Black "Cetinkaya, Vedat Ali"]
[Result "1-0"]
[WhiteElo "2402"]
[BlackElo "2056"]
[PlyCount "41"]
[EventDate "2018.11.18"]
[EventType "swiss"]
[EventRounds "11"]
[EventCountry "SLO"]
[SourceTitle "CBM 187 Extra"]
[Source "ChessBase"]
[SourceDate "2018.11.04"]
[SourceVersion "1"]
[SourceVersionDate "2018.11.04"]
[SourceQuality "1"]

1. d4 d5 2. c4 e6 3. Nc3 Nf6 4. cxd5 exd5 5. Bg5 Be7 6. e3 0-0 7. Bd3 Be6 8. Nge2 c5 9. dxc5 Nc6 10. 0-0 Bxc5 11. Rc1 Bd6 12. Nf4 Bxf4 13. exf4 Ne7 14. Re1 Rc8 15. Bxf6 gxf6 16. f5 Nxf5 17. Qh5 d4 18. Ne2 Qa5 19. g4 Qd2 20. Bxf5 Bxf5 21. Rcd1 1-0

[Event "TUR-chT2"]
[Site "Konya"]
[Date "2018.07.12"]
[Round "4.2"]
[White "Buyukasik, Diyap"]
[Black "Cetinkaya, Vedat Ali"]
[Result "1-0"]
[WhiteElo "2310"]
[BlackElo "2073"]
[PlyCount "99"]
[EventDate "2018.07.10"]
[EventType "team-swiss"]
[EventRounds "9"]
[EventCountry "TUR"]
[SourceTitle "EXT 2019"]
[Source "ChessBase"]
[SourceDate "2018.10.10"]
[SourceVersion "1"]
[SourceVersionDate "2018.10.10"]
[SourceQuality "1"]
[WhiteTeam "Beyazkale Dernegi"]
[BlackTeam "Antalya Buyuk Ustalar"]
[WhiteTeamCountry "TUR"]
[BlackTeamCountry "TUR"]

1. Nf3 Nf6 2. g3 d5 3. Bg2 c6 4. 0-0 e6 5. c4 Nbd7 6. b3 Bd6 7. Bb2 Qc7 8. d3 0-0 9. Nc3 a6 10. Rc1 Qb8 11. e4 dxe4 12. dxe4 Rd8 13. Rc2 Bc7 14. Rd2 Re8 15. Qe2 e5 16. Rfd1 Nf8 17. c5 Bg4 18. Na4 Qa7 19. h3 Bxf3 20. Bxf3 Rac8 21. Qe3 Qb8 22. Nb6 Rcd8 23. Nc4 Rxd2 24. Rxd2 Qc8 25. Kg2 Qe6 26. Nd6 Rb8 27. Qg5 Ng6 28. h4 h6 29. Qf5 Qe7 30. h5 Nf8 31. Bxe5 N6d7 32. Bc3 Ne6 33. b4 Bxd6 34. Rxd6 b6 35. Rxc6 bxc5 36. bxc5 Ndxc5 37. Qe5 Nd7 38. Qf5 Rb5 39. e5 Rc5 40. Bb4 Rxe5 41. Qxe5 Qxb4 42. Rc8+ Ndf8 43. Bd5 Qb5 44. Qd6 Kh7 45. Be4+ Kg8 46. Bd5 Kh7 47. a4 Qd3 48. Qe5 Qd1 49. Bxe6 Nxe6 50. Qf5+ 1-0

[Event "Cesme op 4th"]
[Site "Cesme"]
[Date "2016.06.20"]
[Round "1"]
[White "Haznedaroglu, Kivanc"]
[Black "Cetinkaya, Vedat Ali"]
[Result "1-0"]
[WhiteElo "2505"]
[BlackElo "1926"]
[PlyCount "39"]
[EventDate "2016.06.20"]
[EventType "swiss"]
[EventRounds "9"]
[EventCountry "TUR"]
[SourceTitle "CBM 173 Extra"]
[Source "ChessBase"]
[SourceDate "2016.08.29"]
[SourceVersion "1"]
[SourceVersionDate "2016.08.29"]
[SourceQuality "1"]

1. d4 d5 2. c4 e6 3. Nc3 Nf6 4. cxd5 exd5 5. Bg5 Be7 6. Qc2 0-0 7. e3 c5 8. dxc5 Qa5 9. Nf3 Qxc5 10. Be2 Nc6 11. Rd1 Rd8 12. 0-0 d4 13. exd4 Nxd4 14. Rxd4 Rxd4 15. Be3 Bf5 16. Qc1 Rad8 17. Nxd4 Rxd4 18. Bxd4 Qxd4 19. Rd1 Qh4 20. Qe3 1-0

[Event "Istanbul Kartal op"]
[Site "Istanbul"]
[Date "2015.06.24"]
[Round "2"]
[White "Cetinkaya, Vedat Ali"]
[Black "Marholev, Dimitar"]
[Result "0-1"]
[WhiteElo "2043"]
[BlackElo "2325"]
[PlyCount "74"]
[EventDate "2015.06.23"]
[EventType "swiss"]
[EventRounds "9"]
[EventCountry "TUR"]
[SourceTitle "CBM 167 Extra"]
[Source "ChessBase"]
[SourceDate "2015.09.14"]
[SourceVersion "1"]
[SourceVersionDate "2015.09.14"]
[SourceQuality "1"]

1. d4 Nf6 2. c4 g6 3. Nc3 Bg7 4. g3 c5 5. Nf3 0-0 6. Bg2 Nc6 7. e3 d6 8. h3 Bd7 9. 0-0 Rb8 10. b3 a6 11. Bb2 cxd4 12. Nxd4 Nxd4 13. Qxd4 Bc6 14. Nd5 Ne8 15. Qd2 Bxb2 16. Qxb2 e6 17. Nc3 Bxg2 18. Kxg2 b5 19. cxb5 axb5 20. Rfd1 b4 21. Ne2 Qe7 22. Rac1 Nf6 23. Nd4 Qb7+ 24. Kg1 Ne4 25. Ne2 e5 26. h4 Rfd8 27. Rc2 g5 28. f3 Nc3 29. Rf1 Nd5 30. Kf2 g4 31. fxg4 Nf6 32. Rc4 Qd7 33. Kg1 Nxg4 34. Qd2 d5 35. Rc5 Rbc8 36. Rfc1 Rxc5 37. Rxc5 Qf5 0-1

[Event "Gebze op 5th"]
[Site "Kocaeli"]
[Date "2014.09.22"]
[Round "5"]
[White "Cetinkaya, Vedat Ali"]
[Black "Benidze, Davit"]
[Result "0-1"]
[WhiteElo "2022"]
[BlackElo "2459"]
[PlyCount "54"]
[EventDate "2014.09.20"]
[EventType "swiss"]
[EventRounds "9"]
[EventCountry "TUR"]
[SourceTitle "CBM 162 Extra"]
[Source "ChessBase"]
[SourceDate "2014.10.17"]
[SourceVersion "1"]
[SourceVersionDate "2014.10.17"]
[SourceQuality "1"]

1. d4 Nf6 2. c4 g6 3. g3 Bg7 4. Bg2 0-0 5. Nf3 d5 6. 0-0 dxc4 7. Na3 c3 8. bxc3 c5 9. Qb3 cxd4 10. cxd4 Nc6 11. Rd1 Na5 12. Qb2 Be6 13. Bd2 Bd5 14. Rac1 Nc6 15. Bc3 Ne4 16. Be1 Qb6 17. Rb1 Nd6 18. Bc3 Be4 19. Rbc1 Qxb2 20. Bxb2 Nb4 21. Ne5 Bxg2 22. Kxg2 Rfc8 23. Ra1 Rc7 24. Kf3 Rac8 25. Rd2 b5 26. e3 a5 27. Ke2 Ne4 0-1

[Event "Gebze op 5th"]
[Site "Kocaeli"]
[Date "2014.09.21"]
[Round "3"]
[White "Cetinkaya, Vedat Ali"]
[Black "Rahmanov, Shahriyar Teymur Og"]
[Result "1-0"]
[WhiteElo "2022"]
[BlackElo "2265"]
[PlyCount "107"]
[EventDate "2014.09.20"]
[EventType "swiss"]
[EventRounds "9"]
[EventCountry "TUR"]
[SourceTitle "CBM 162 Extra"]
[Source "ChessBase"]
[SourceDate "2014.10.17"]
[SourceVersion "1"]
[SourceVersionDate "2014.10.17"]
[SourceQuality "1"]

1. d4 Nf6 2. c4 e6 3. g3 d5 4. Bg2 dxc4 5. Qa4+ Bd7 6. Qxc4 Bc6 7. Nf3 Be7 8. Nc3 0-0 9. 0-0 a6 10. Qd3 b5 11. a3 Nbd7 12. Rd1 Bb7 13. b4 Nd5 14. Nxd5 exd5 15. Bf4 Nb6 16. Qf5 a5 17. Ng5 g6 18. Qg4 h6 19. Nxf7 Kxf7 20. Bxh6 Rh8 21. Qf4+ Kg8 22. Qe3 Qd7 23. Bf4 Nc4 24. Qd3 Kg7 25. Rdc1 Bf6 26. bxa5 Rxa5 27. h4 Rha8 28. Bf3 Rxa3 29. Rxa3 Rxa3 30. Qb1 Bc6 31. h5 Qe8 32. hxg6 Ra4 33. Kg2 Qxg6 34. Qb3 Bg5 35. Bxg5 Qxg5 36. Rh1 Bd7 37. Qb1 Qg6 38. Qc1 Ra6 39. Qf4 Rf6 40. Qxc7 Rf7 41. Qd8 Rf5 42. Qxd7+ Qf7 43. Qd8 Qf8 44. Qh4 Kf7 45. Bh5+ Kg7 46. Qg4+ Kf6 47. Ra1 Ke7 48. Ra7+ Ke6 49. Bg6 Nd6 50. Ra6 Ke7 51. Bxf5 Nxf5 52. Qg6 Qc8 53. Ra7+ Kf8 54. Qf7# 1-0

[Event "Gebze op"]
[Site "Gebze"]
[Date "2013.10.04"]
[Round "3"]
[White "Cetinkaya, Vedat Ali"]
[Black "Dag, Ferhan"]
[Result "1/2-1/2"]
[WhiteElo "1996"]
[BlackElo "1895"]
[PlyCount "73"]
[EventDate "2013.10.03"]
[EventType "swiss"]
[EventRounds "7"]
[EventCountry "TUR"]
[SourceTitle "CBM 157 Extra"]
[Source "ChessBase"]
[SourceDate "2013.12.19"]
[SourceVersion "1"]
[SourceVersionDate "2013.12.19"]
[SourceQuality "1"]

1. d4 d5 2. c4 c6 3. e3 Nf6 4. Nf3 e6 5. Bd3 Bd6 6. Nc3 0-0 7. 0-0 Nbd7 8. e4 dxc4 9. Bxc4 e5 10. Bg5 b5 11. Bb3 Bb7 12. Qd3 Qe7 13. Rfe1 Rfd8 14. Nh4 exd4 15. Nf5 Bxh2+ 16. Kh1 Qe5 17. Nd1 Bf4 18. Bh4 Nc5 19. Qf3 Re8 20. Bxf6 Qxf5 21. Bxd4 Nxb3 22. axb3 c5 23. Be3 Rxe4 24. Kg1 Re7 25. Qe2 a6 26. Rc1 Bd6 27. Rc2 Qe4 28. f4 Rae8 29. Qf2 Bxf4 30. Rce2 g5 31. Nc3 Qc6 32. Bxf4 Rxe2 33. Rxe2 Rxe2 34. Nxe2 gxf4 35. Nxf4 Qe4 36. Qg3+ Kf8 37. Nh5 1/2-1/2

[Event "TUR-chT"]
[Site "Konya"]
[Date "2012.07.20"]
[Round "11"]
[White "Cetinkaya, Vedat Ali"]
[Black "Kasimdzhanov, Rustam"]
[Result "0-1"]
[WhiteElo "2040"]
[BlackElo "2690"]
[PlyCount "46"]
[EventDate "2012.07.11"]
[EventType "team-tourn"]
[EventRounds "13"]
[EventCountry "TUR"]
[SourceTitle "CBM 149 Extra"]
[Source "ChessBase"]
[SourceDate "2012.08.24"]
[SourceVersion "1"]
[SourceVersionDate "2012.08.24"]
[SourceQuality "1"]
[WhiteTeam "Antalya Deniz Genclik"]
[BlackTeam "Istanbul Aquamatch"]
[WhiteTeamCountry "TUR"]
[BlackTeamCountry "TUR"]

1. d4 Nf6 2. c4 e6 3. Nc3 Bb4 4. e3 0-0 5. Bd3 d5 6. a3 Bxc3+ 7. bxc3 dxc4 8. Bxc4 c5 9. Nf3 Qc7 10. Bd3 cxd4 11. 0-0 dxc3 12. e4 e5 13. Nh4 Be6 14. Bc2 Nc6 15. Bg5 Rfd8 16. Qc1 Nd4 17. Re1 Rac8 18. Nf5 Bxf5 19. Bxf6 gxf6 20. exf5 Qc4 21. Bd1 c2 22. Bh5 Nb3 23. Qh6 Nxa1 0-1

[Event "TUR-chT"]
[Site "Konya"]
[Date "2012.07.16"]
[Round "7"]
[White "Cetinkaya, Vedat Ali"]
[Black "Can, Emre"]
[Result "0-1"]
[WhiteElo "2040"]
[BlackElo "2469"]
[PlyCount "75"]
[EventDate "2012.07.11"]
[EventType "team-tourn"]
[EventRounds "13"]
[EventCountry "TUR"]
[SourceTitle "CBM 149 Extra"]
[Source "ChessBase"]
[SourceDate "2012.08.24"]
[SourceVersion "1"]
[SourceVersionDate "2012.08.24"]
[SourceQuality "1"]
[WhiteTeam "Antalya Deniz Genclik"]
[BlackTeam "Istanbul Pera"]
[WhiteTeamCountry "TUR"]
[BlackTeamCountry "TUR"]

1. d4 Nf6 2. c4 g6 3. g3 Bg7 4. Bg2 0-0 5. Nf3 d6 6. Nc3 Nbd7 7. e4 e5 8. 0-0 Re8 9. Re1 exd4 10. Nxd4 a6 11. h3 Rb8 12. Be3 Ne5 13. b3 c5 14. Nc2 b5 15. f4 Ned7 16. Qd3 b4 17. Ne2 Bb7 18. Rad1 Nxe4 19. Bc1 f5 20. Ne3 Ndf6 21. Bb2 Qd7 22. Nf1 Re6 23. Nh2 Rbe8 24. Nf3 Qc7 25. Ng5 R6e7 26. Kf1 Rd8 27. Ng1 Nxg5 28. fxg5 Ne4 29. Bxg7 Kxg7 30. h4 d5 31. Ne2 d4 32. Nf4 Rde8 33. Re2 Nc3 34. Rxe7+ Rxe7 35. Re1 Bxg2+ 36. Nxg2 Rxe1+ 37. Kxe1 Qe5+ 38. Kf2 0-1

[Event "TUR-chT"]
[Site "Konya"]
[Date "2012.07.16"]
[Round "6"]
[White "Secer, Ata"]
[Black "Cetinkaya, Vedat Ali"]
[Result "1-0"]
[WhiteElo "2319"]
[BlackElo "2040"]
[PlyCount "103"]
[EventDate "2012.07.11"]
[EventType "team-tourn"]
[EventRounds "13"]
[EventCountry "TUR"]
[SourceTitle "CBM 149 Extra"]
[Source "ChessBase"]
[SourceDate "2012.08.24"]
[SourceVersion "1"]
[SourceVersionDate "2012.08.24"]
[SourceQuality "1"]
[WhiteTeam "Manisa TS Alyans"]
[BlackTeam "Antalya Deniz Genclik"]
[WhiteTeamCountry "TUR"]
[BlackTeamCountry "TUR"]

1. e4 c6 2. d4 d5 3. e5 Bf5 4. Nf3 e6 5. Be2 Ne7 6. 0-0 c5 7. c4 cxd4 8. Nxd4 Nbc6 9. Nxf5 Nxf5 10. cxd5 exd5 11. Bd3 Nfd4 12. Re1 Be7 13. Nc3 Qd7 14. Ne2 Ne6 15. Ng3 g6 16. a3 h5 17. b4 h4 18. Nf1 h3 19. g3 Qc7 20. Bb2 Rh5 21. Rc1 Qb6 22. Ne3 d4 23. Nd5 Qd8 24. Nxe7 Kxe7 25. f4 Kf8 26. Qf3 Qd7 27. Be4 Rc8 28. b5 Ncd8 29. Rxc8 Qxc8 30. Rc1 Qd7 31. a4 Kg7 32. Kh1 Rh8 33. Ba3 a6 34. Qb3 Re8 35. bxa6 bxa6 36. Bd6 Kg8 37. Bf3 Ng7 38. Qc4 Nf5 39. Ba3 d3 40. Rd1 d2 41. Qc3 Qxa4 42. Rxd2 Ne6 43. Bc6 Rc8 44. Bxa4 Rxc3 45. Bb2 Re3 46. Kg1 Nc5 47. Bc2 Kh7 48. Kf2 Re4 49. Kf3 Rb4 50. Kg4 a5 51. Bc3 Rb5 52. Rd7 1-0

[Event "TUR-chT"]
[Site "Konya"]
[Date "2012.07.13"]
[Round "3"]
[White "Cetinkaya, Vedat Ali"]
[Black "Ertan, Can"]
[Result "0-1"]
[WhiteElo "2040"]
[BlackElo "2256"]
[PlyCount "58"]
[EventDate "2012.07.11"]
[EventType "team-tourn"]
[EventRounds "13"]
[EventCountry "TUR"]
[SourceTitle "CBM 149 Extra"]
[Source "ChessBase"]
[SourceDate "2012.08.24"]
[SourceVersion "1"]
[SourceVersionDate "2012.08.24"]
[SourceQuality "1"]
[WhiteTeam "Antalya Deniz Genclik"]
[BlackTeam "Ceyhan Belediye"]
[WhiteTeamCountry "TUR"]
[BlackTeamCountry "TUR"]

1. d4 Nf6 2. Nf3 e6 3. c4 b6 4. Nc3 Bb7 5. e3 d5 6. Bd3 Nbd7 7. 0-0 Be7 8. Qe2 Ne4 9. Nd2 Ndf6 10. f3 Nxd2 11. Bxd2 0-0 12. Rad1 c5 13. cxd5 cxd4 14. exd4 Nxd5 15. Kh1 Rc8 16. Rfe1 Bg5 17. Ne4 Bf4 18. Bb1 Qc7 19. Qd3 g6 20. Bxf4 Qxf4 21. g3 Qc7 22. Kg2 Rfd8 23. h4 e5 24. Qd2 exd4 25. Qh6 Qe5 26. Nc5 Ne3+ 27. Rxe3 dxe3 28. Nd3 Rxd3 29. Bxd3 Qxb2+ 0-1